000 00526nam a2200205Ia 4500
008 170918s9999 xx 000 0 und d
020 _a9780439928243
050 _bK426 2004
100 _aKessler, Liz
245 _aEmily Windsnap and the monster from the deep /
245 _cby Liz Kessler.
260 _aNew York :
260 _bScholastic,
260 _c2004
300 _a219 pages :
300 _billustrations ;
300 _c19cm.
440 _vThe sequel to the Tail of Emily Windsnap.
500 _a570
999 _c343753
_d343753